000 00765nam a2200265Ia 4500
005 20260121170607.0
008 008 260114s9999 xx 000 0 eng d
020 _a9783319899756
037 _aEBOOK
040 _aCRL
040 _beng
040 _cCRL
041 _2eng
041 _aeng
084 _qCRL
100 _aCarmen Flores-Mendoza, Rubén Ardila, Ricardo Rosas, María Emilia Lucio, Miguel Gallegos, Norma Reátegui Colareta
_91065797
245 0 _aIntelligence Measurement and School Performance in Latin America
260 _bSpringer
260 _bSpringer
260 _c2018
856 _uhttps://link.springer.com/openurl?genre=book&isbn=978-3-319-89975-6
942 _cEBOOK
999 _c1631527
_d1631527